|
|
|
|
| LEADER |
00000cam a2200000 i 4500 |
| 001 |
100820 |
| 003 |
CZ-ZlUTB |
| 005 |
20210205142739.0 |
| 007 |
ta |
| 008 |
080527s2008 xxua f 001 0 eng d |
| 952 |
|
|
|0 0
|1 0
|4 0
|6 616REHABILITATION
|7 0
|8 BOOK
|9 160623
|a UTBZL
|b UTBZL
|c 005
|d 2021-01-25
|l 0
|o 616/REHABILITATION
|p 420010185537
|r 2021-01-25 00:00:00
|v 392.00
|x N:nákup;
|y 01
|
| 999 |
|
|
|c 100820
|d 100820
|
| 020 |
|
|
|a 978-0-323-04555-1
|q (vázáno)
|
| 040 |
|
|
|a DLC
|b cze
|c DLC
|d DLC
|d ZLD002
|e rda
|
| 072 |
|
7 |
|a 616
|x Patologie. Klinická medicína
|2 Konspekt
|9 14
|
| 080 |
|
|
|a 615.8
|2 MRF
|
| 080 |
|
|
|a 616-083
|2 MRF
|
| 080 |
|
|
|a (082)
|2 MRF
|
| 245 |
0 |
0 |
|a Rehabilitation nursing :
|b prevention, intervention, and outcomes /
|c [edited by] Shirley P. Hoeman
|
| 250 |
|
|
|a Fourth edition
|
| 264 |
|
1 |
|a St. Louis, Mo. :
|b Mosby/Elsevier,
|c [2008]
|
| 264 |
|
4 |
|c ©2008
|
| 300 |
|
|
|a xix, 796 stran :
|b černobílé ilustrace ;
|c 29 cm
|
| 336 |
|
|
|a text
|b txt
|2 rdacontent
|
| 337 |
|
|
|a bez média
|b n
|2 rdamedia
|
| 338 |
|
|
|a svazek
|b nc
|2 rdacarrier
|
| 504 |
|
|
|a Obsahuje bibliografické odkazy a rejstřík
|
| 650 |
0 |
7 |
|a léčebná rehabilitace
|7 ph122527
|2 czenas
|
| 650 |
0 |
7 |
|a ošetřovatelství
|7 ph123893
|2 czenas
|
| 650 |
0 |
9 |
|a therapeutic rehabilitation
|2 eczenas
|
| 650 |
0 |
9 |
|a nursing
|2 eczenas
|
| 655 |
|
7 |
|a sborníky
|7 fd163935
|2 czenas
|
| 655 |
|
9 |
|a papers of several authors
|2 eczenas
|
| 700 |
1 |
|
|a Hoeman, Shirley P.
|7 xx0089424
|4 edt
|
| 910 |
|
|
|a ZLD002
|
| 942 |
|
|
|2 udc
|
| 992 |
|
|
|a BK
|b SK
|